| 000 | 00550nam a2200193Ia 4500 | ||
|---|---|---|---|
| 003 | OSt | ||
| 005 | 20211008160710.0 | ||
| 008 | 210716s1973 xx 000 0 und d | ||
| 040 | _cAIMIT Library | ||
| 041 | _aeng | ||
| 082 | _a374.22 CSIM | ||
| 100 |
_aCsikszentmihalyi, Mihaly; Rathunde, Kevin; Whalen, Samuel. _91000 |
||
| 245 | _aTalented teenagers: the roots of success and failure. | ||
| 250 | _a1 | ||
| 260 |
_aNew York _bCambridge University Press _c1997 |
||
| 300 | _axiii,449 | ||
| 650 |
_aGeneral Knowledge _91001 |
||
| 942 |
_2ddc _cBK |
||
| 999 |
_c201129 _d201129 |
||